000 00325nam a2200133Ia 4500
005 20260326235457.0
008 260326s9999||||xx |||||||||||||| ||und||
100 _aSlack, Laura
245 0 _aIntroduzione al product Design /
_cLaura Slack
260 _bLogos
300 _a256 p.
650 _aDISEÑO INDUSTRIAL
942 _cBK
999 _c7971
_d7971